Programa para simular sobrepresiones máximas en transitorios hidráulicos: modelos para turbinas francis
Uloženo v:
| Hlavní autor: | |
|---|---|
| Další autoři: | , , |
| Médium: | Kniha |
| Jazyk: | Spanish |
| Vydáno: |
[San José, Costa Rica]
2012
|
| Témata: | |
| Tagy: |
Přidat tag
Žádné tagy, Buďte první, kdo vytvoří štítek k tomuto záznamu!
|
MARC
| LEADER | 00000nam a22000007a 4500 | ||
|---|---|---|---|
| 003 | 010775 | ||
| 005 | 20221231143927.0 | ||
| 008 | 151102b2012 c a|||| |||| 00| ||spa d | ||
| 040 | |c cru CEDI | ||
| 090 | |a TFG 6598 | ||
| 100 | |9 1962 |a Brenes Rojas, Gustavo | ||
| 245 | |a Programa para simular sobrepresiones máximas en transitorios hidráulicos: modelos para turbinas francis | ||
| 260 | |a [San José, Costa Rica] |c 2012 | ||
| 500 | |a Proyecto de graduación (licenciatura en ingeniería mecánica)--Universidad de Costa Rica. Facultad de Ingeniería. Escuela de Ingeniería Mecánica | ||
| 650 | |x SIMULACION POR COMPUTADORA |x PRESION |x TURBINAS HIDRAULICAS |x CENTRALES HIDROELECTRICAS - COSTA RICA |9 1966 | ||
| 700 | |9 1963 |a Duarte Sandí, Mefi | ||
| 700 | |9 1964 |a Hurtado Hernández, Daniel | ||
| 700 | |9 1965 |a Mora Quesada, Jeffrey | ||
| 942 | |c TFG | ||
| 999 | |c 14352 |d 14352 | ||
